00648 2200241 4500001002100000005001700021008004100038035002400079082001000103090002000113100002000133245008400153260003100237300002700268650001600295700002000311700001100331850001500342980001300357985000600370999001500376999001500391YOGYA-0209000004039920090227025643.0 ind  0010-020900000040399 a297.2 a297.2bDia KlK aDIANAWATI, Ajen aKumpulan doa anak sehari-haricpenyunting, Ajen Dianawati; penyunting, Soedjono aJakartabWahyu Mediac2004 a40 hlmbilusc17x19 cm aDoa (Islam) aDianawati, Ajen aSujono aYOPDYOG(K) a11-12-07 a2 a07B0029388 a07B0029389